Αρπακτικά πουλιά της Ελλάδας
Αποθηκεύτηκε σε:
| Κύριος συγγραφέας: | |
|---|---|
| Άλλοι συγγραφείς: | |
| Μορφή: | Βιβλίο |
| Γλώσσα: | Greek |
| Δημοσίευση: |
Αθήνα :
Efstathiadis Group Α.Ε.,
c2000
|
| Θέματα: | |
| Ετικέτες: |
Προσθήκη ετικέτας
Δεν υπάρχουν, Καταχωρήστε ετικέτα πρώτοι!
|
MARC
| LEADER | 00000nam a2200000 i 4500 | ||
|---|---|---|---|
| 001 | 1/72699 | ||
| 008 | 080128s2000 gre d | ||
| 020 | |a 960-226-336-9 | ||
| 035 | |l 10094185 | ||
| 040 | |a GR-MY-UA |b gre |e aacr | ||
| 041 | 0 | |a gre | |
| 082 | 0 | |a 598.09495 |2 (22) | |
| 100 | 1 | |a Χανδρινός, Γιώργος |d 1954- | |
| 245 | 1 | 0 | |a Αρπακτικά πουλιά της Ελλάδας / |c Γ. Χανδρινός-Α. Δημητρόπουλος |
| 260 | |a Αθήνα : |b Efstathiadis Group Α.Ε., |c c2000 | ||
| 300 | |a 199 σ.; |b εικ.; |c 18 εκ. | ||
| 650 | 0 | 0 | |a Predatory animals |z Greece. |
| 650 | 0 | 0 | |a Birds |z Greece |x Identification. |
| 650 | 0 | 0 | |a Birds |z Greece |x Geographical distribution. |
| 700 | 1 | |a Δημητρόπουλος, Αχιλλέας, |d 1957- | |
| 852 | |a INST |b LESVOS |e 20080128 |h 598.09495 ΧΑΝ |p 005100040465 |q 005100040465 |t BK |y 0 | ||
| 901 | |a BIBL1-2008-1 | ||
| 909 | |a Λ |b 142112 | ||
| 922 | |a 1ΕΛΗ |b 200711 |c ΕΠΕΑΕΚ2/ΤΠ |d Σ. ΠΑΤΑΚΗΣ | ||
| 970 | |a ΓΙΑΛΑΜΑ |b ΜΑΡΙΑ |z 2008/01/28 | ||